Movies Quiz

Random Movies or Oscar Quiz
Score 0/126 Timer 20:00
0 Plays Today
Year Film Title % Correct
201312 Years a Slave
100%
2014Birdman or (The Unexpected Virtue of Ignorance)
100%
2015The Revenant
100%
2012Argo
98.7%
2013The Wolf of Wall Street
97.8%
2015Spotlight
97.6%
2000Gladiator
96.4%
2012Silver Linings Playbook
96%
2013American Hustle
95.7%
2013Gravity
95.7%
2010The King's Speech
95.6%
2015Brooklyn
95.1%
2015Room
95.1%
2016La La Land
94.7%
2016Moonlight
94.7%
2012Lincoln
94.7%
2010Black Swan
94.5%
2013Dallas Buyers Club
93.5%
2014The Theory of Everything
93.5%
2010Toy Story 3
93.4%
2004Ray
92.5%
2009Up
92.2%
2014The Imitation Game
91.3%
2009The Hurt Locker
91.2%
2007Juno
90.9%
2012Zero Dark Thirty
90.7%
2007No Country For Old Men
90.6%
2007There Will Be Blood
90.6%
2009The Blind Side
90.6%
2005Brokeback Mountain
90.3%
2008Milk
90.3%
2015The Martian
90.2%
2011The Artist
90.1%
2001A Beautiful Mind
89.6%
2005Capote
89.6%
2016Fences
89.5%
2016Manchester By the Sea
89.5%
2017Lady Bird
89.5%
2017Get Out
89.5%
2012Les Misérables
89.3%
2014American Sniper
89.1%
2013Nebraska
89.1%
Year Film Title % Correct
2010The Social Network
89%
2002The Pianist
88.6%
2004Million Dollar Baby
88.3%
2008The Curious Case of Benjamin Button
88%
2015Mad Max: Fury Road
87.8%
2003Lost in Translation
87.7%
2003Mystic River
87.7%
2002The Lord of the Rings: The Two Towers
87%
2006The Departed
87%
2013Captain Phillips
87%
2013Her
87%
2014Boyhood
87%
2014Whiplash
87%
2010127 Hours
86.8%
2003The Lord of the Rings: The Return of the King
86.7%
2006The Queen
86.7%
2001The Lord of the Rings: The Fellowship of the Ring
86%
2009Avatar
85.4%
2014Selma
84.8%
2016Lion
84.2%
2017Phantom Thread
84.2%
2017The Shape of Water
84.2%
2017Three Billboards Outside Ebbing Missouri
84.2%
2000Crouching Tiger, Hidden Dragon
84.1%
2012Beasts of the Southern Wild
84%
2010The Fighter
83.5%
2010Winter's Bone
83.5%
2004The Aviator
82.8%
2005Crash
82.5%
2008The Reader
82.5%
2010True Grit
82.4%
2000Erin Brockovich
82.1%
2009Up in the Air
82.1%
2002Chicago
81.5%
2011The Descendants
81.3%
2009Precious: Based on the Novel 'Push' By Sapphire
81.2%
2011Moneyball
80.2%
2012Life of Pi
80%
2004Sideways
79.9%
2008Slumdog Millionaire
78.9%
2014The Grand Budapest Hotel
78.3%
2012Django Unchained
77.3%
Year Film Title % Correct
2010Inception
76.9%
2013Philomena
76.1%
2012Amour
76%
2011The Help
75.8%
2015Bridge of Spies
75.6%
2007Michael Clayton
75%
2009Inglourious Basterds
74.4%
2016Hacksaw Ridge
73.7%
2017Call Me By Your Name
73.7%
2017Darkest Hour
73.7%
2017Dunkirk
73.7%
2002Gangs of New York
72.1%
2005Munich
72.1%
2010The Kids Are All Right
71.4%
2011Midnight in Paris
71.4%
2008Frost/Nixon
70.1%
2006Babel
69.2%
2004Finding Neverland
68.8%
2002The Hours
68.5%
2009An Education
68.5%
2016Arrival
68.4%
2016Hidden Figures
68.4%
2001Moulin Rouge!
67.9%
2005Good Night, and Good Luck
67.9%
2011Hugo
65.9%
2007Atonement
65.9%
2000Traffic
64.9%
2003Seabiscuit
64%
2009District 9
63.3%
2017The Post
63.2%
2000Chocolat
61.7%
2011The Tree of Life
61.5%
2003Master and Commander: The Far Side of the World
60.1%
2015The Big Short
58.5%
2016Hell or High Water
57.9%
2006Letters From Iwo Jima
57.8%
2011Extremely Loud and Incredibly Close
54.9%
2006Little Miss Sunshine
54.2%
2001Gosford Park
53.2%
2009A Serious Man
52.3%
2011War Horse
50.5%
2001In the Bedroom
48.7%
Come Together.
Have Fun.
All Virtual.
We all need to come together. Play Sporcle's virtual live trivia to have fun, connect with people, and get your trivia on. Join a live hosted trivia game for your favorite pub trivia experience done virtually. If a virtual private party is more your thing, go here for details.

You're not logged in!

Compare scores with friends on all Sporcle quizzes.
OR
Log In

Sporcle TV

Today on Sporcle TV


Watch our educational content, quiz creation guides, and fun videos on Sporcle TV.

Show Comments

Extras

Top Quizzes Today


Score Distribution

Paid Content

Your Account Isn't Verified!

In order to create a playlist on Sporcle, you need to verify the email address you used during registration. Go to your Sporcle Settings to finish the process.

Report this User

Report this user for behavior that violates our Community Guidelines.

Details: